Propuesta metodológica en la aplicación de la derivada en Ingeniería Agroforestal, II semestre 2013 (Record no. 183293)

MARC details
000 -CABECERA
campo de control de longitud fija 02289nab a2200325 a 4500
005 - FECHA Y HORA DE LA ÚLTIMA TRANSACCIÓN
campo de control 20250516103852.0
008 - ELEMENTOS DE LONGITUD FIJA--INFORMACIÓN GENERAL
campo de control de longitud fija 991125c2015 nq fr p o 000 0 spa d
035 ## - NÚMERO DE CONTROL DEL SISTEMA
Número de control de sistema UPN01000211192
040 ## - FUENTE DE LA CATALOGACIÓN
Centro catalogador/agencia de origen MX-MxUPN
Lengua de catalogación spa
Centro/agencia transcriptor MX-MxUPN
Normas de descripción aacr2
049 ## - COLECCIÓN
Colección ART-E
100 1# - ASIENTO PRINCIPAL--NOMBRE PERSONAL
Nombre de persona Vanegas Sevilla, Ernesto
100 1# - ASIENTO PRINCIPAL--NOMBRE PERSONAL
Filiación evanegassevilla10@gmail.com
100 1# - ASIENTO PRINCIPAL--NOMBRE PERSONAL
Nombre de persona Bermúdez Vargas, Yahaira
100 1# - ASIENTO PRINCIPAL--NOMBRE PERSONAL
Filiación acep82@yahoo.com
100 1# - ASIENTO PRINCIPAL--NOMBRE PERSONAL
Nombre de persona López Mairena, Luis Antonio
100 1# - ASIENTO PRINCIPAL--NOMBRE PERSONAL
Filiación antoniolopez95@gmail.com
245 10 - MENCIÓN DE TÍTULO
Título Propuesta metodológica en la aplicación de la derivada en Ingeniería Agroforestal, II semestre 2013
506 0# - NOTA DE RESTRICCIONES AL ACCESO
Limitaciones de acceso Acceso abierto
520 3# - NOTA DE RESUMEN, ETC.
Sumario, etc. Esta investigación ha evidenciado la importancia que tienen las estrategias metodológicas en el proceso educativo en las aplicaciones de las derivadas en la carrera de Ingeniería Agroforestal, pretendiendo que los discentes desarrollen autonomía para enriquecer su conocimiento y un aprendizaje significativo, forjar consciencia sobre la importancia que tiene la implementación de los softwares en las aplicaciones matemáticas. El enfoque mixto permitió enriquecer los datos cuantitativos con la información cualitativa admitiendo la recolección, análisis y vinculación de los indicadores. La población fue conformada por 58 estudiantes de Ingeniería Agroforestal de los recintos de URACCAN Bluefields y Siuna (Las Minas), considerando como muestra a toda población, debido a que es muy pequeña al aplicar la fórmula triola para el cálculo de la muestra de una población finita con un margen de error del 1% y un nivel de con- fianza del 95%. El estudio determinó que la mayor dificultad es que los estudiantes no traen un dominio pleno de la Matemática (álgebra y geometría), razón por cual se les dificulta la comprensión y resolución de las derivadas
650 #2 - ASIENTO SECUNDARIO DE MATERIA - TERMINO TEMATICO
Término de materia o nombre geográfico como elemento de entrada Cálculo integral
9 (RLIN) 4584
650 #2 - ASIENTO SECUNDARIO DE MATERIA - TERMINO TEMATICO
Término de materia o nombre geográfico como elemento de entrada Cálculo diferencial
9 (RLIN) 4551
653 0# - TERMINO DE INDIZACION - NO CONTROLADO
Término no controlado Resolución de las derivadas
653 0# - TERMINO DE INDIZACION - NO CONTROLADO
Término no controlado Estrategias metodológicas
653 0# - TERMINO DE INDIZACION - NO CONTROLADO
Término no controlado Ingeniería Agroforestal
773 ## - ENLACE AL DOCUMENTO FUENTE/ENTRADA DE REGISTRO ANFITRIÓN
Parte(s) relacionada(s) Vol. 17, no. 2 (2015), p. 51-66
Título Ciencia e interculturalidad
Número Internacional Normalizado para Publicaciones Seriadas 2223-6260
856 4# - LOCALIZACIÓN Y ACCESO ELECTRÓNICOS
Identificador Uniforme del Recurso <a href="https://www.camjol.info/index.php/RCI/article/view/2639">https://www.camjol.info/index.php/RCI/article/view/2639</a>
902 ## - ELEMENTOS DE DATOS B LOCAL, LDB (RLIN)
Creó Gloria Jiménez/160525
905 ## - TIPO DE MATERIAL
Tipo de material Articulo
942 ## - ELEMENTOS DE PUNTO DE ACCESO ADICIONAL (KOHA)
Tipo de ítem Koha Artículo Electrónico
Holdings
Estado de retiro Estado de pérdida Estado dañado No para préstamo Código de colección Localización permanente Ubicación/localización actual Ubicación en estantería Fecha de adquisición Total de préstamos Fecha visto por última vez Identificador Uniforme del Recurso Precio válido a partir de Tipo de ítem Koha
        Acceso abierto Bib. Gregorio Torres Quintero Bib. Gregorio Torres Quintero En línea 16/05/2025   16/05/2025 https://www.camjol.info/index.php/RCI/article/view/2639 16/05/2025 Artículo Electrónico